| 000 | 00980nam a22003137a 4500 | ||
|---|---|---|---|
| 003 | CHAP | ||
| 005 | 20220329143857.0 | ||
| 008 | 080125s1977 us a r 00010 eng d | ||
| 010 | _a103143 | ||
| 011 | _a104115 | ||
| 020 | _a039803673X | ||
| 035 | _a114804 | ||
| 040 | _cCHAP | ||
| 082 | 0 | 4 |
_a581.63 _bM84 |
| 100 | 0 | 0 |
_aMorton, Julia F. _978974 |
| 245 | 1 | 0 |
_aMajor medicinal plants : _bbotany, culture, and uses _c/por Julia F. Morton |
| 260 |
_aSpringfield, Ill. : _bThomas, _c1977 |
||
| 300 |
_axix, 431 p. : _bilus. |
||
| 590 |
_aBATCH-UPD _b10 _c20130110 _lUCH01 _h1138 |
||
| 590 |
_aBATCH-UPD _b10 _c20130410 _lUCH01 _h0724 |
||
| 590 |
_aBATCH-UPD _b10 _c20130914 _lUCH01 _h0744 |
||
| 590 |
_aCONVERSION _b10 _c20130109 _lUCH01 _h1357 |
||
| 650 | 1 | 4 |
_aBotánica médica. _914680 |
| 650 | 1 | 4 |
_aLegumbres. _965680 |
| 650 | 1 | 4 |
_aMateria médica. _972929 |
| 901 | _aBK | ||
| 942 | _cLIBRO | ||
| 949 |
_a581.63 M84 _bBC _cLIBRO _d33724002329512 _eLIBRO _gFotocopia _h116605 _i114804 _sb |
||
| 999 |
_c103143 _d103143 |
||